00389nam a2200145Ia 4500003000400000008004100004040001600045082001600061100001800077245005000095260004100145300001000186650001500196650003200211GCL140319s9999 xx 000 0 eng d aGCL / cGCL04a720.92bK O1 aKRECIC, PETER10aPLECNIK: THE COMPLETE WORKS / cKRECIC, PETER a[S.N] : bACADEMY EDITIONS ، c1993 a256 P04aARCHITECTS04aPLECNIK, JOZE (1872 - 1957)